[Event "GER-chT North U14"]
[Site "Magdeburg"]
[Date "2013.09.13"]
[Round "3.4"]
[White "Troemer, Felix"]
[Black "Wessels, Julian"]
[Result "1-0"]
[WhiteElo "1162"]
[BlackElo "1211"]
[PlyCount "105"]
[EventDate "2013.09.12"]
[EventType "team-swiss"]
[EventRounds "7"]
[EventCountry "GER"]
[SourceTitle "EXT 2014"]
[Source "ChessBase"]
[SourceDate "2013.11.20"]
[SourceVersion "1"]
[SourceVersionDate "2013.11.20"]
[SourceQuality "1"]
[WhiteTeam "Torgelow"]
[BlackTeam "Aurich"]
[WhiteTeamCountry "GER"]
[BlackTeamCountry "GER"]

1. e4 e5 2. Nf3 Nc6 3. Nc3 Nf6 4. Bb5 Bb4 5. 0-0 0-0 6. d3 d6 7. Bg5 Bg4 8. Nd5 Nd4 9. Nxb4 Nxb5 10. Nd5 Nd4 11. Qd2 Bxf3 12. Bxf6 Ne2+ 13. Kh1 Bxg2+ 14. Kxg2 Nf4+ 15. Nxf4 Qxf6 16. Nd5 Qd8 17. Kh1 c6 18. Nc3 d5 19. exd5 cxd5 20. Rg1 Qf6 21. Rg2 d4 22. Ne4 Qf3 23. Qh6 g6 24. Rag1 Rac8 25. Ng5 Qh5 26. Qxh5 gxh5 27. Ne6+ Kh8 28. Nxf8 Rxf8 29. Rg5 f6 30. Rxh5 Rf7 31. Rh3 f5 32. Rhg3 h5 33. Rg5 h4 34. Rh5+ Rh7 35. Rxh7+ Kxh7 36. Rg5 e4 37. dxe4 fxe4 38. Re5 d3 39. cxd3 exd3 40. Rd5 b5 41. Rxd3 a5 42. Rd5 a4 43. Rxb5 h3 44. Rh5+ Kg6 45. Rxh3 Kg5 46. Kg2 Kg4 47. Rf3 Kg5 48. b4 axb3 49. axb3 Kg4 50. b4 Kg5 51. b5 Kg4 52. b6 Kg5 53. b7 1-0